000 00836nam a2200253Ia 4500
001 13789
003 GE_BSU
008 181216s||||||||xx |||||||||||||| ||und||
020 _a9789941148830.
040 _cGE_BSU
080 _a691(075.8)
100 _aნადირაძე,ა.
245 _aსაშენი მასალები და ნაკეთობები.
245 _bსახელმძღვანელო.
250 _aმეორე გამოცემა.
260 _aთბ.
260 _bტექნიკური უნივერსიტეტი.
260 _c2011.
300 _a392 გვ. 20 სმ.
300 _eნახ. ცხრ.
541 _h30 ლ.
653 _aსაშენი მასალები და ნაკეთობები.
942 _cBK
999 _c46936
_d46936